Types d'alcools - Statistiques

Statistiques générales
  • Ce quiz a été pris 6 613 fois
    6 114 depuis la dernière actualisation
  • Le résultat moyen est 12 sur 37
Statistiques - réponses
Indice Réponse % Correct
Alcool à base de raisin Vin
99%
Alcool à base de houblon Bière
91%
Mousseux/Pétillant Champagne
88%
Anisé Pastis
84%
Eau-de-vie de pomme de terre Vodka
82%
Eau-de-vie de canne à sucre Rhum
79%
Eau-de-vie de céréales maltées ou non Whisky
69%
Alcool à base de riz Saké
63%
Boisson aromatisée aux baies Gin
52%
Mousseux/Pétillant Cidre
48%
Liqueur de citron Limoncello
45%
Eau-de-vie d'agave bleu Tequila
36%
Eau-de-vie de vin Cognac
33%
Liqueur de pomme Manzana
30%
Liqueur d'amande Amaretto
27%
Mousseux/Pétillant Crémant
27%
Liqueur d'orange Curaçao
25%
Eau-de-vie de poiré Calvados
22%
Mousseux/Pétillant Prosecco
22%
Eau-de-vie de vin Armagnac
21%
Liqueur d'orange Cointreau
21%
Eau-de-vie de cerise Kirsch
21%
Liqueur de plante Génépi
19%
Alcool à base de raisin Porto
19%
Alcool à base de raisin Vermouth
19%
Liqueur de plante Absinthe
17%
Liqueur de racine Suze
16%
Liqueur amer Picon
15%
Liqueur de banane Pisang
9%
Eau-de-vie de racine Gentiane
8%
Eau-de-vie de canne à sucre Cachaça
7%
Liqueur amer Campari
5%
Boisson aromatisée aux baies Genièvre
3%
Eau-de-vie de vin Pisco
2%
Eau-de-vie de céréales Baiju
1%
Mousseux/Pétillant Freixenet
1%
Alcool à base de raisin Marsala
1%
Aucun quiz correspondant
Distribution des résultats
% des personnes avec chaque résultat
Percentile par nombre de réponses
Votre historique - résultats
Vous n’avez pas pris ce quiz depuis la dernière actualisation